Statistics for Nice Best Scorer By Year

Click here to take the quiz!

General Stats

  • This quiz has been taken 39 times
    (12 since last reset)
  • The average score is 4 of 51

Answer Stats

Player% Correct
Mario Balotelli
67%
Amine Gouiri
56%
Andy Delort
56%
Gaëtan Laborde
44%
Hatem Ben Arfa
44%
Kasper Dolberg
44%
Darío Cvitanich
22%
Just Fontaine
22%
Loïc Rémy
22%
Alberto Muro
0%
Anthony Mounier
0%
Antoine Cuissard
0%
Bakari Koné
0%
Carlos Eduardo
0%
Charly Loubet
0%
Daniel Bravo
0%
Daniel Sánchez
0%
David Bellion
0%
Dominique Rustichelli
0%
Éric Mouloungui
0%
Fabián Monzón
0%
Fabrice Mège
0%
Gilbert Marguerite
0%
Günter Kaltenbrunner
0%
Héctor De Bourgoing
0%
Hervé Revelli
0%
Jacques Faivre
0%
Jacques Foix
0%
James Debbah
0%
Jean Courteaux
0%
Jean-Pierre Serra
0%
Jorge Domínguez
0%
Joseph Ujlaki
0%
Jules Bocandé
0%
Kaba Diawara
0%
Lilian Laslandes
0%
Marama Vahirua
0%
Marc Molitor
0%
Marko Elsner
0%
Mohammed Chaouch
0%
Nenad Bjeković
0%
Pär Bengtsson
0%
Rafael Santos
0%
Raúl Noguès
0%
Robby Langers
0%
Romain Argyroudis
0%
Toni Kurbos
0%
Vahidin Musemić
0%
Wilmar Cabrera
0%
Youcef Attal
0%
Yvon Giner
0%

Score Distribution

Percentile by Number Answered

Percent of People with Each Score

Your Score History

You have not taken this quiz since the last reset